Handelsrecht und Gesellschaftsformen

Salvato in:
Dettagli Bibliografici
Autore principale: Irgel, Lutz
Altri autori: Klein, Hans-Joachim, Kröner, Michael
Natura: Libro
Lingua:tedesco
Pubblicazione: Wiesbaden Gabler 1991
Edizione:1. Aufl.
Soggetti:
Tags: Aggiungi Tag
Nessun Tag, puoi essere il primo ad aggiungerne!!

MARC

LEADER 00000nam a2200000 4500
001 c000195
005 20221214102105.4
020 |a 3-409-13965-6 
041 0 |a ger 
044 |a DE 
245 1 0 |a Handelsrecht und Gesellschaftsformen  |c Lutz Irgel, Hans-Joachim Klein, Michael Kröner 
250 |a 1. Aufl. 
264 1 |a Wiesbaden  |b Gabler  |c 1991 
300 |a 124 s. 
610 2 0 |a právo obchodné 
610 2 0 |a register obchodný 
610 2 0 |a firmy 
610 2 0 |a podnikanie 
610 2 0 |a spoločnosti obchodné 
610 2 0 |a experti 
610 2 0 |a zastupiteľstvá obchodné 
610 2 0 |a spoločnosti akciové 
100 1 |a Irgel, Lutz 
700 1 |a Klein, Hans-Joachim 
700 1 |a Kröner, Michael